000 00603nam a2200193 i 4500
001 20248
003 ES-MaACL
005 20250901090023.0
007 t|
008 021108s1945 ag ||||1| spa d
100 1 _aAguirre, Juan Alberto.
_918830
245 1 0 _aTratado de radiología clínica /
_cpor Juan Alberto Aguirre, Miguel Eduardo Jorg.
260 _aBuenos Aires :
_bEl Ateneo,
_c1945 (
_fAlfredo Frascoli)
300 _a1 v. :
_bil. ;
_c28 cm.
650 7 _aRadiología
_2embne
_9140316
700 1 _aJorg, Miguel Eduardo.
_966949
852 _aES-MaACL
_jP-781-bis
999 _c20248
_d20248